Jalkapallomaajoukkueiden logoja 2 - Statistics

Yleistilastot
  • Tätä visaa on pelattu 110 kertaa
  • Keskiarvotulos 9 / 12
Vastaustilastot
Kuvavisa Vastaus % Oikein
Espanja
100%
Turkki
98%
Saksa
95%
Alankomaat
92%
Kroatia
92%
Argentiina
91%
Japani
84%
Australia
70%
Skotlanti
70%
Chile
50%
Algeria
49%
Ecuador
37%
Ehtoja vastaavia visoja ei löytynyt
Tulosjakauma
Jokaisen tuloksen saaneiden osuus
Persentiili vastausten määrän mukaan
Tuloshistoriasi
Et ole pelannut tätä visaa